[Event "Berlin Eckbauer op 18th"]
[Site "Berlin"]
[Date "2015.11.16"]
[Round "6"]
[White "Kramer, Ralf"]
[Black "Eichhoff, Matthias"]
[Result "0-1"]
[WhiteElo "1567"]
[BlackElo "1667"]
[PlyCount "104"]
[EventDate "2015.10.05"]
[EventType "swiss"]
[EventRounds "7"]
[EventCountry "GER"]
[SourceTitle "EXT 2022"]
[Source "ChessBase"]
[SourceDate "2021.10.06"]
[SourceVersion "1"]
[SourceVersionDate "2021.10.06"]
[SourceQuality "1"]

1. e4 b6 2. d4 Bb7 3. Bd3 Nf6 4. Qe2 e6 5. Nf3 d5 6. c3 dxe4 7. Bb5+ c6 8. Ne5 cxb5 9. Qxb5+ Nfd7 10. Nd2 a6 11. Qe2 Nf6 12. b3 Qc7 13. Bb2 Bd6 14. Ndc4 b5 15. Nxd6+ Qxd6 16. Rd1 0-0 17. Bc1 Qe7 18. Bg5 h6 19. Bc1 Nbd7 20. h4 Rfc8 21. Rh3 Nxe5 22. dxe5 Ne8 23. Qg4 Kh7 24. Qh5 Qf8 25. Rg3 g6 26. Rxg6 fxg6 27. Rd7+ Ng7 28. Qxh6+ Kg8 29. Ba3 Qf7 30. Rxf7 Kxf7 31. Qf4+ Kg8 32. Qe3 Rd8 33. Bd6 Rac8 34. Qb6 Rd7 35. Kd2 Nf5 36. Ke2 Rc6 37. Qa5 Nxd6 38. exd6 Rcxd6 39. Ke3 Rd3+ 40. Kf4 Rf7+ 41. Kg4 e5 42. Qb6 Kg7 43. Qe6 Rf4+ 44. Kg5 Rf5+ 45. Kg4 Kh6 46. g3 Rxc3 47. Qg8 Rc7 48. Qh8+ Rh7 49. Qd8 Bc6 50. Qd2+ Kg7 51. Qd6 Rf6 52. Qc7+ Kh6 0-1

[Event "Berlin Eckbauer op 18th"]
[Site "Berlin"]
[Date "2015.11.02"]
[Round "4"]
[White "Radjenovic, Branko"]
[Black "Eichhoff, Matthias"]
[Result "1-0"]
[WhiteElo "1822"]
[BlackElo "1667"]
[PlyCount "116"]
[EventDate "2015.10.05"]
[EventType "swiss"]
[EventRounds "7"]
[EventCountry "GER"]
[SourceTitle "EXT 2022"]
[Source "ChessBase"]
[SourceDate "2021.10.06"]
[SourceVersion "1"]
[SourceVersionDate "2021.10.06"]
[SourceQuality "1"]

1. d4 Nf6 2. Nf3 d6 3. c4 Nbd7 4. Nc3 e5 5. d5 c6 6. e4 Nc5 7. Nd2 a5 8. f3 Qb6 9. Be2 Be7 10. Nf1 cxd5 11. cxd5 Bd7 12. Rb1 0-0 13. Be3 Rfc8 14. Kf2 Nh5 15. g3 Bg5 16. Qd2 Bh3 17. Ke1 Bxe3 18. Nxe3 Bd7 19. Nc4 Qc7 20. f4 Nf6 21. fxe5 Nfxe4 22. Nxe4 Nxe4 23. Qf4 b5 24. exd6 Qc5 25. Qxe4 bxc4 26. Rd1 Re8 27. Qf4 c3 28. bxc3 Qxc3+ 29. Kf1 Bh3+ 30. Kf2 Rxe2+ 31. Kxe2 Re8+ 32. Kf2 Qc2+ 33. Rd2 Qc5+ 34. Rd4 Qc2+ 35. Qd2 Qc5 36. Re1 Rxe1 37. Kxe1 Qxd6 38. Qd3 h6 39. Re4 Qd7 40. Rh4 Bf5 41. Qd2 Qa7 42. Rd4 Bh3 43. Kf2 Qa6 44. Qd3 Qf6+ 45. Ke1 Bf1 46. Qe3 Bh3 47. d6 Qf1+ 48. Kd2 Qg2+ 49. Qe2 Qc6 50. Qe4 Qd7 51. Qe5 Be6 52. Qxa5 Qc6 53. Qe5 Qg2+ 54. Qe2 Qc6 55. Qe4 Qb5 56. Rb4 Qa5 57. a3 Qg5+ 58. Ke2 Bg4+ 1-0

[Event "Berlin Eckbauer op 18th"]
[Site "Berlin"]
[Date "2015.10.19"]
[Round "3"]
[White "Eichhoff, Matthias"]
[Black "Hoffmann, Peter2222"]
[Result "0-1"]
[WhiteElo "1667"]
[BlackElo "1967"]
[PlyCount "84"]
[EventDate "2015.10.05"]
[EventType "swiss"]
[EventRounds "7"]
[EventCountry "GER"]
[SourceTitle "EXT 2022"]
[Source "ChessBase"]
[SourceDate "2021.10.06"]
[SourceVersion "1"]
[SourceVersionDate "2021.10.06"]
[SourceQuality "1"]

1. c4 d6 2. b3 c5 3. Bb2 Nc6 4. Nf3 Bf5 5. d3 e6 6. Nbd2 Nf6 7. a3 Be7 8. e3 0-0 9. Be2 h6 10. 0-0 Nd7 11. d4 Bf6 12. e4 Bg6 13. e5 dxe5 14. dxc5 Nxc5 15. b4 Nd3 16. Bxd3 Bxd3 17. Re1 Qc7 18. Ne4 Bxe4 19. Rxe4 Rfd8 20. Qe2 Nd4 21. Nxd4 exd4 22. Rd1 Rd7 23. c5 Qc6 24. Qg4 Rad8 25. Rd3 Qa4 26. Re2 b6 27. Bc1 bxc5 28. bxc5 Qc4 29. Rd1 Qxc5 30. Bxh6 Qxa3 31. Red2 Kf8 32. Bxg7+ Bxg7 33. Rd3 Qc5 34. Rg3 Qe5 35. f4 Qf6 36. Rf1 d3 37. f5 Qd4+ 38. Kh1 Qxg4 39. Rxg4 d2 40. Rd1 e5 41. Rb4 Rc7 42. Rbb1 Bh6 0-1

[Event "Berlin Eckbauer op 18th"]
[Site "Berlin"]
[Date "2015.10.05"]
[Round "1"]
[White "Eichhoff, Matthias"]
[Black "Heerde, Thomas"]
[Result "0-1"]
[WhiteElo "1667"]
[BlackElo "1988"]
[PlyCount "120"]
[EventDate "2015.10.05"]
[EventType "swiss"]
[EventRounds "7"]
[EventCountry "GER"]
[SourceTitle "EXT 2022"]
[Source "ChessBase"]
[SourceDate "2021.10.06"]
[SourceVersion "1"]
[SourceVersionDate "2021.10.06"]
[SourceQuality "1"]

1. c4 Nf6 2. b3 g6 3. Bb2 Bg7 4. e3 0-0 5. Nf3 d6 6. Be2 Nbd7 7. d3 e5 8. Qc2 Qe7 9. Nbd2 a5 10. 0-0 h6 11. a3 Re8 12. b4 Nh7 13. e4 f5 14. exf5 gxf5 15. bxa5 c6 16. Ne1 Kh8 17. Rb1 Rg8 18. g3 Rxa5 19. Ng2 Ng5 20. Nh4 Nf8 21. Bh5 Bf6 22. Ng2 Nfh7 23. Rbe1 Qg7 24. Kh1 Nh3 25. Nf3 Be6 26. Nfh4 Qg5 27. Qe2 e4 28. Bc1 f4 29. Bxf4 Nxf4 30. Nxf4 Bg4 31. Bxg4 Qxg4 32. Qxg4 Rxg4 33. Nfg6+ Kg7 34. Rxe4 Rxg6 35. Nxg6 Kxg6 36. Re6 d5 37. Rb1 dxc4 38. dxc4 Ng5 39. Re2 b5 40. cxb5 cxb5 41. h4 Nf3 42. Re3 Nd2 43. Rbb3 Nxb3 44. Rxb3 Be7 45. Re3 Bxa3 46. g4 Bf8 47. Re5 Ra1+ 48. Kg2 b4 49. h5+ Kg7 50. Rb5 Ra3 51. Rb7+ Kf6 52. f4 Rd3 53. Rb6+ Rd6 54. Rb5 Ke6 55. g5 Rd8 56. Rb6+ Rd6 57. Rb5 Kf7 58. Rb7+ Kg8 59. g6 Rd5 60. Rb8 Rxh5 0-1

[Event "Zehlendorf op 14th"]
[Site "Berlin"]
[Date "2014.06.12"]
[Round "5"]
[White "Merz, Ruediger"]
[Black "Eichhoff, Matthias"]
[Result "1-0"]
[WhiteElo "1910"]
[BlackElo "1634"]
[PlyCount "121"]
[EventDate "2014.05.08"]
[EventType "swiss"]
[EventRounds "7"]
[EventCountry "GER"]
[SourceTitle "EXT 2023"]
[Source "ChessBase"]
[SourceDate "2022.10.05"]
[SourceVersion "1"]
[SourceVersionDate "2022.10.05"]
[SourceQuality "1"]

1. e4 c5 2. Nf3 d6 3. d4 cxd4 4. Nxd4 e5 5. Bb5+ Bd7 6. Bxd7+ Nxd7 7. Nf5 Ndf6 8. Nc3 g6 9. Ne3 Ne7 10. Qd3 a6 11. 0-0 Qc7 12. b3 b5 13. Ba3 Rc8 14. Ncd5 Nexd5 15. Nxd5 Nxd5 16. Qxd5 Qc6 17. Rfd1 Qxd5 18. Rxd5 Rc6 19. Rc1 Be7 20. c4 bxc4 21. Rxc4 Rxc4 22. bxc4 0-0 23. Bxd6 Bxd6 24. Rxd6 Rc8 25. Rxa6 Rxc4 26. f3 Rc2 27. h4 Kg7 28. Kh2 h5 29. Kh3 Rc3 30. Ra5 f6 31. Ra7+ Kg8 32. Kg3 Rd3 33. Kf2 Rc3 34. g4 hxg4 35. fxg4 Rh3 36. g5 fxg5 37. hxg5 Rc3 38. Ra5 Kf7 39. Rxe5 Rc2+ 40. Ke3 Rxa2 41. Rb5 Ra1 42. Kf4 Rf1+ 43. Ke5 Rf2 44. Rb7+ Kg8 45. Ke6 Rf8 46. Rd7 Re8+ 47. Re7 Rf8 48. Rd7 Re8+ 49. Kd5 Rf8 50. Kd4 Rf4 51. Rd5 Rf8 52. Kc5 Re8 53. e5 Kf7 54. Kd4 Re7 55. Rd6 Ra7 56. Rf6+ Ke7 57. Rxg6 Ra4+ 58. Kd5 Ra5+ 59. Ke4 Ra4+ 60. Kf5 Ra5 61. Re6+ 1-0

[Event "Berlin Eckbauer op 16th"]
[Site "Berlin"]
[Date "2013.10.28"]
[Round "4"]
[White "Weber, Manfred"]
[Black "Eichhoff, Matthias"]
[Result "1-0"]
[WhiteElo "1750"]
[BlackElo "1634"]
[PlyCount "107"]
[EventDate "2013.10.07"]
[EventType "swiss"]
[EventRounds "7"]
[EventCountry "GER"]
[SourceTitle "EXT 2022"]
[Source "ChessBase"]
[SourceDate "2021.10.06"]
[SourceVersion "1"]
[SourceVersionDate "2021.10.06"]
[SourceQuality "1"]

1. d4 Nf6 2. c4 d6 3. Nc3 e5 4. dxe5 dxe5 5. Qxd8+ Kxd8 6. Bg5 c6 7. Nf3 Nbd7 8. 0-0-0 Kc7 9. Bh4 Bb4 10. Kc2 h6 11. Nd2 Nc5 12. f3 Ne6 13. e3 Rd8 14. Bg3 Nd7 15. a3 Bc5 16. Bf2 f5 17. b4 Be7 18. Bd3 g6 19. Nb3 Nf6 20. Bg3 f4 21. exf4 exf4 22. Bf2 g5 23. Rhe1 Bf8 24. Rd2 Bd7 25. Rde2 Re8 26. Bg6 Re7 27. Nc5 Nxc5 28. Rxe7 Bxe7 29. Rxe7 Ne6 30. Bf5 Re8 31. Rf7 Ng8 32. b5 Ne7 33. bxc6 Nxc6 34. Nb5+ Kd8 35. Kc3 Re7 36. Bxe6 Rxe6 37. Rf8+ Re8 38. Rxe8+ Bxe8 39. Bxa7 Nxa7 40. Nxa7 Kc7 41. Nb5+ Kb6 42. Nd6 Bc6 43. Nf7 g4 44. Ne5 gxf3 45. gxf3 Be8 46. Kd4 Ka5 47. Ke4 Ka4 48. Kxf4 Kxa3 49. Ke4 Kb3 50. f4 h5 51. h4 Kc3 52. f5 b6 53. f6 Kb4 54. Kd5 1-0

[Event "Berlin Eckbauer op 16th"]
[Site "Berlin"]
[Date "2013.10.07"]
[Round "1"]
[White "Eichhoff, Matthias"]
[Black "Rohrbach, Stephan"]
[Result "0-1"]
[WhiteElo "1634"]
[BlackElo "1858"]
[PlyCount "94"]
[EventDate "2013.10.07"]
[EventType "swiss"]
[EventRounds "7"]
[EventCountry "GER"]
[SourceTitle "EXT 2022"]
[Source "ChessBase"]
[SourceDate "2021.10.06"]
[SourceVersion "1"]
[SourceVersionDate "2021.10.06"]
[SourceQuality "1"]

1. c4 b6 2. b3 Bb7 3. Bb2 e6 4. a3 f5 5. e3 Nf6 6. Nf3 Be7 7. Be2 0-0 8. d3 c5 9. Nbd2 Nc6 10. 0-0 Qe8 11. Qc2 Ng4 12. h3 Nh6 13. Ne5 Nxe5 14. Bxe5 d6 15. Bb2 Qg6 16. Bf3 Bxf3 17. Nxf3 e5 18. Kh1 Qh5 19. Qd1 Bf6 20. Nh2 Qe8 21. Rg1 Qc6 22. f3 Bh4 23. g3 Bg5 24. Qe2 Rae8 25. h4 Bd8 26. Qg2 Re6 27. Raf1 Rg6 28. f4 Qxg2+ 29. Rxg2 exf4 30. exf4 Re8 31. Bc1 Rge6 32. Nf3 Ng4 33. Ng5 Re2 34. Rxe2 Rxe2 35. Kg1 Bf6 36. Nf3 Bc3 37. a4 h6 38. Ba3 Kf7 39. Rc1 Bb2 40. Bxb2 Rxb2 41. Rc3 Rb1+ 42. Kg2 Ne3+ 43. Kh3 Nd1 44. Rc2 Rxb3 45. Rd2 Rxd3 46. Rxd3 Nf2+ 47. Kg2 Nxd3 0-1

[Event "Berlin Eckbauer op 15th"]
[Site "Berlin"]
[Date "2012.10.29"]
[Round "3.33"]
[White "Eichhoff, Matthias"]
[Black "Blasig, Thomas"]
[Result "1/2-1/2"]
[WhiteElo "1349"]
[BlackElo "1537"]
[PlyCount "82"]
[EventDate "2012.10.15"]
[EventType "swiss"]
[EventRounds "7"]
[EventCountry "GER"]
[SourceTitle "EXT 2022"]
[Source "ChessBase"]
[SourceDate "2021.10.06"]
[SourceVersion "1"]
[SourceVersionDate "2021.10.06"]
[SourceQuality "1"]

1. d4 g6 2. Bf4 Bg7 3. e3 Nf6 4. c3 d5 5. Nf3 Bg4 6. h3 Bxf3 7. Qxf3 Nbd7 8. Nd2 0-0 9. Bb5 a6 10. Ba4 e6 11. Qg3 c6 12. Bd1 Qb6 13. Rb1 c5 14. h4 cxd4 15. exd4 h5 16. Qe3 Ng4 17. Bxg4 hxg4 18. h5 e5 19. dxe5 Qxe3+ 20. Bxe3 Bxe5 21. hxg6 f5 22. Rh7 f4 23. Bd4 Bxd4 24. cxd4 Nf6 25. Rxb7 Rfe8+ 26. Kf1 Rac8 27. Re1 Rxe1+ 28. Kxe1 Rc1+ 29. Ke2 Rg1 30. g3 fxg3 31. fxg3 Rxg3 32. Kf2 Rd3 33. Nb3 Ne4+ 34. Kg2 Rf3 35. Rf7 Rxf7 36. gxf7+ Kxf7 37. Nc1 Ke7 38. Ne2 Kd7 39. Nc3 Kd6 40. a4 Kc6 41. Nd1 Kd6 1/2-1/2